Sociální politika, sociální pomoc a sociální příjmy

Na minha lista:
Detalhes bibliográficos
Autor principal: Konopásek, Zdeněk
Outros Autores: Tutterová, Jitka
Formato: Livro
Idioma:tcheco
Publicado em: Praha Výzkumný ústav soc. rozv. a práce 1990
Edição:1. vyd.
Tags: Adicionar Tag
Sem tags, seja o primeiro a adicionar uma tag!

MARC

LEADER 00000nam a2200000 4500
001 c039278
005 20250221081313.9
041 0 |a cze 
044 |a CZ 
245 1 0 |a Sociální politika, sociální pomoc a sociální příjmy  |c Zdeněk Konopásek, Jitka Tutterová 
250 |a 1. vyd. 
264 1 |a Praha  |b Výzkumný ústav soc. rozv. a práce  |c 1990 
300 |a 163 s. 
100 1 |a Konopásek, Zdeněk 
700 1 |a Tutterová, Jitka